[Event "4. Lovsprings EMT Mesterklassen"]
[Site "Ringsted"]
[Date "1992.05.24"]
[Round "6"]
[White "Lynge, Michael"]
[Black "Rasmussen, Henning"]
[Result "1-0"]
[WhiteElo "2042"]
[BlackElo "1936"]
[PlyCount "81"]
[EventDate "1992.??.??"]

1. d4 f5 2. Bg5 Nf6 3. Bxf6 exf6 4. e3 d5 5. Bd3 c6 6. Qf3 g6 7. Ne2 Bd6 8. Nd2
Be6 9. h4 h5 10. a3 Nd7 11. c4 dxc4 12. Nxc4 Bc7 13. Nf4 Bxf4 14. Qxf4 Bxc4 15.
Bxc4 Nb6 16. Ba2 Nd5 17. Qg3 Ne7 18. O-O Kf8 19. Rac1 Kg7 20. Rfd1 Nd5 21. Rc5
Rf8 22. Rdc1 Rf7 23. Bxd5 cxd5 24. Rc7 Rb8 25. Rxf7+ Kxf7 26. Rc7+ Ke6 27. Rg7
Rc8 28. Rxg6 Rc1+ 29. Kh2 Qc7 30. Rg7 Qxg3+ 31. Kxg3 b6 32. Rxa7 Rc2 33. b4 Rc3
34. Rb7 Rxa3 35. Rxb6+ Kf7 36. Rd6 Rb3 37. Rxd5 Rxb4 38. Rxf5 Kg6 39. Rc5 Rb2
40. f3 Rb4 41. Kf4 1-0

[Event "4. Lovsprings EMT Mesterklassen"]
[Site "Ringsted"]
[Date "1992.05.24"]
[Round "6"]
[White "Buhl, Poul"]
[Black "Arnkilde, Anders"]
[Result "1-0"]
[WhiteElo "2011"]
[BlackElo "2018"]
[PlyCount "75"]
[EventDate "1992.??.??"]

1. c4 e5 2. Nc3 Nc6 3. g3 f5 4. Bg2 Nf6 5. d3 Bb4 6. Bd2 O-O 7. Nf3 Qe7 8. O-O
d6 9. Nd5 Nxd5 10. cxd5 Bxd2 11. dxc6 Bb4 12. Qb3+ d5 13. a3 e4 14. Nd4 Bc5 15.
cxb7 Bxb7 16. Qxb7 Qf7 17. Nc6 f4 18. d4 Bd6 19. Nb4 f3 20. exf3 exf3 21. Bh3
a5 22. Qxd5 Qxd5 23. Nxd5 Rab8 24. Rab1 Rb5 25. Bd7 Rb7 26. Bc6 Rb3 27. Nb4 Kh8
28. Bd5 axb4 29. Bxb3 bxa3 30. bxa3 Bxa3 31. Bd5 h5 32. Ra1 Bb2 33. Ra8 Rxa8
34. Bxa8 Bxd4 35. Bxf3 c5 36. Bxh5 c4 37. Bg6 c3 38. Ra1 1-0

[Event "4. Lovsprings EMT Mesterklassen"]
[Site "Ringsted"]
[Date "1992.05.24"]
[Round "6"]
[White "Hald, Jens Erik"]
[Black "Larsen, Bjorn"]
[Result "1-0"]
[WhiteElo "2101"]
[BlackElo "2011"]
[PlyCount "89"]
[EventDate "1992.??.??"]

1. e4 e6 2. d4 d5 3. e5 c5 4. c3 Nc6 5. Nf3 Qb6 6. a3 a5 7. Bd3 Bd7 8. O-O a4
9. Bc2 Qb5 10. c4 Qxc4 11. dxc5 d4 12. Re1 Bxc5 13. Nbd2 Qa6 14. Ne4 b6 15.
Nfg5 Nge7 16. Bd3 Qa7 17. Nxc5 bxc5 18. Qf3 Nd8 19. Nxh7 Bc6 20. Qh5 Rg8 21.
Bg5 Rb8 22. Bc1 Qb7 23. Bg5 Bd5 24. Rac1 Qa7 25. Re2 Bb3 26. Bxe7 Qxe7 27. Ng5
Rf8 28. Ne4 Nb7 29. Ba6 g6 30. Qf3 Bd5 31. Nf6+ Kd8 32. Nxd5 exd5 33. Qxd5+ Qd7
34. Bxb7 Rxb7 35. Qxc5 Re8 36. Rd2 Rc7 37. Qxc7+ Qxc7 38. Rxd4+ Qd7 39. Rxd7+
Kxd7 40. f4 Rb8 41. Rc2 Ke6 42. Kf2 Kf5 43. g3 Rb3 44. Re2 Rd3 45. Kg2 1-0

[Event "4. Lovsprings EMT Mesterklassen"]
[Site "Ringsted"]
[Date "1992.05.24"]
[Round "6"]
[White "Pedersen, Hans Dahl"]
[Black "Frederiksen, Henrik"]
[Result "1-0"]
[WhiteElo "2161"]
[BlackElo "2099"]
[PlyCount "129"]
[EventDate "1992.??.??"]

1. Nf3 Nf6 2. d4 g6 3. g3 Bg7 4. Bg2 O-O 5. O-O d6 6. c4 Na6 7. Nc3 c5 8. e3
Qc7 9. b3 Bd7 10. Bb2 Rfb8 11. Rc1 Qc8 12. Re1 Bg4 13. Qd3 Nb4 14. Qb1 cxd4 15.
Nxd4 Qd7 16. a3 Nc6 17. Ne4 Ne5 18. f4 Nc6 19. Nxf6+ Bxf6 20. Nxc6 bxc6 21.
Bxf6 exf6 22. Qd3 Rd8 23. e4 Rac8 24. Re3 a5 25. Rce1 Qa7 26. h3 Bd7 27. Kh2
Qc5 28. Qc3 f5 29. b4 Qa7 30. exf5 Bxf5 31. Bxc6 axb4 32. axb4 Be6 33. b5 Qa2+
34. R3e2 Qxc4 35. Qxc4 Bxc4 36. Re8+ Rxe8 37. Rxe8+ Rxe8 38. Bxe8 Kf8 39. Bc6
Ke7 40. b6 Kd8 41. Kg2 Kc8 42. Kf2 Be6 43. h4 f6 44. Ke3 h6 45. Ke4 Kb8 46. Kd4
g5 47. Ke4 Kc8 48. Bd5 Bd7 49. Bc4 gxh4 50. gxh4 Bh3 51. Kd5 Kd7 52. Bb5+ Ke7
53. Kc6 Kd8 54. Kxd6 Kc8 55. Bd7+ Bxd7 56. b7+ Kxb7 57. Kxd7 h5 58. f5 Kb8 59.
Ke7 Kc7 60. Kxf6 Kd6 61. Kg7 Ke5 62. f6 Kf5 63. f7 Kg4 64. f8=Q Kxh4 65. Qf5
1-0

[Event "4. Lovsprings EMT Mesterklassen"]
[Site "Ringsted"]
[Date "1992.05.31"]
[Round "7"]
[White "Rasmussen, Henning"]
[Black "Hald, Jens Erik"]
[Result "0-1"]
[WhiteElo "1936"]
[BlackElo "2101"]
[PlyCount "52"]
[EventDate "1992.??.??"]

1. Nf3 Nf6 2. c4 g6 3. Nc3 Bg7 4. d4 d6 5. e4 O-O 6. Be2 Nbd7 7. O-O e5 8. Rb1
a5 9. b3 exd4 10. Nxd4 Nc5 11. f3 c6 12. Be3 Re8 13. Bf2 Nh5 14. a3 Qf6 15. b4
axb4 16. axb4 Ne6 17. Nxe6 Bxe6 18. Na4 Nf4 19. Nb6 Ra2 20. Re1 Qg5 21. g3 Rd2
22. h4 Rxd1 23. hxg5 Nxe2+ 24. Kf1 Rxe1+ 25. Kxe1 Nd4 26. f4 Bg4 0-1

[Event "4. Lovsprings EMT Mesterklassen"]
[Site "Ringsted"]
[Date "1992.05.31"]
[Round "7"]
[White "Arnkilde, Anders"]
[Black "Nielsen, Max"]
[Result "1/2-1/2"]
[WhiteElo "2018"]
[BlackElo "2050"]
[PlyCount "42"]
[EventDate "1992.??.??"]

1. e4 e5 2. Nf3 Nc6 3. Bb5 f5 4. Nc3 fxe4 5. Nxe4 Nf6 6. Qe2 d5 7. Nxf6+ gxf6
8. d4 Bg7 9. dxe5 O-O 10. Bxc6 bxc6 11. exf6 Qxf6 12. c3 c5 13. O-O Ba6 14. Qd2
Bxf1 15. Qxd5+ Kh8 16. Bg5 Qd6 17. Qxd6 cxd6 18. Rxf1 Rfb8 19. Bc1 Bf6 20. Rd1
Rd8 21. c4 Rab8 1/2-1/2

[Event "4. Lovsprings EMT Mesterklassen"]
[Site "Ringsted"]
[Date "1992.05.31"]
[Round "7"]
[White "Frederiksen, Henrik"]
[Black "Lynge, Michael"]
[Result "0-1"]
[WhiteElo "2099"]
[BlackElo "2042"]
[PlyCount "106"]
[EventDate "1992.??.??"]

1. d4 Nf6 2. Nf3 c5 3. d5 e6 4. c4 exd5 5. cxd5 d6 6. Nc3 g6 7. g3 Bg7 8. Bg2
O-O 9. Nd2 Nbd7 10. a4 a6 11. Nc4 Nb6 12. Na3 Re8 13. a5 Nbd7 14. Nc4 Ne5 15.
Nb6 Rb8 16. O-O Nfd7 17. Nca4 Nxb6 18. Nxb6 Nd7 19. Nc4 Ne5 20. Nb6 Nd7 21.
Nxc8 Rxc8 22. Ra2 f5 23. Bd2 Qe7 24. e3 Nf6 25. Bc3 h5 26. Ra4 Rc7 27. Re1 Qf7
28. Rc4 Ng4 29. Qc2 Rce7 30. Bxg7 Qxg7 31. b4 Ne5 32. Rf4 Rc7 33. Rb1 Rec8 34.
b5 axb5 35. Rxb5 Qd7 36. Rb1 Ra8 37. e4 Rxa5 38. Rh4 Ra4 39. Re1 Rc4 40. Qe2
Qa4 41. f4 Rc2 42. Qd1 Ng4 43. Bf3 Nf2 44. Qb1 Nxe4 45. Bxe4 fxe4 46. Kh1 Qc4
47. f5 gxf5 48. Rxh5 e3 49. Kg1 Qe4 50. Rg5+ Rg7 51. Rxg7+ Kxg7 52. Qxb7+ Kg6
53. Qh7+ Kxh7 0-1

[Event "4. Lovsprings EMT Mesterklassen"]
[Site "Ringsted"]
[Date "1992.05.31"]
[Round "7"]
[White "Buhl, Poul"]
[Black "Pedersen, Hans Dahl"]
[Result "1-0"]
[WhiteElo "2011"]
[BlackElo "2161"]
[PlyCount "177"]
[EventDate "1992.??.??"]

1. c4 Nf6 2. g3 g6 3. Bg2 Bg7 4. Nc3 O-O 5. e3 c6 6. Nge2 e5 7. d4 d6 8. O-O
Be6 9. d5 Bg4 10. h3 Bc8 11. Kh2 c5 12. a3 Na6 13. Rb1 Nd7 14. Qc2 f5 15. b4 e4
16. Na4 b6 17. Bb2 Ne5 18. b5 Nc7 19. Ng1 Ne8 20. f3 exf3 21. Nxf3 Nxf3+ 22.
Bxf3 Nf6 23. Nc3 Nd7 24. Nd1 Ne5 25. Bg2 Bd7 26. Nf2 Qg5 27. Qe2 Rae8 28. Bc1
Qe7 29. Qc2 Bf6 30. Rb3 Qg7 31. e4 Nf7 32. exf5 Bxf5 33. Qd1 Ne5 34. g4 Bc8 35.
Qc2 Bh4 36. Ne4 Rxf1 37. Bxf1 Qe7 38. Bg2 Rf8 39. Bh6 Re8 40. Qc1 Nf7 41. Bf4
Ne5 42. g5 Rf8 43. Nf6+ Rxf6 44. gxf6 Bxf6 45. Qf1 Bf5 46. Kh1 Qd7 47. Re3 Kg7
48. Bxe5 Bxe5 49. Be4 Bxe4+ 50. Rxe4 Qe7 51. Qf3 Qg5 52. Re1 Qd2 53. Re2 Qc1+
54. Kg2 Qg5+ 55. Qg4 Qc1 56. Rf2 Bd4 57. Qf4 Qxf4 58. Rxf4 g5 59. Re4 Be5 60.
Kf3 Kf6 61. h4 h6 62. hxg5+ hxg5 63. Kg4 Bf4 64. Re8 Kf7 65. Re6 Kg7 66. Kf5
Kf7 67. Rh6 Kg7 68. Re6 Kf7 69. a4 Bg3 70. Kxg5 Be5 71. Kf5 Bg3 72. Rh6 Be5 73.
Rh7+ Bg7 74. Rxg7+ Kxg7 75. Ke6 Kg6 76. Kxd6 Kf5 77. Kc6 Ke4 78. d6 Kd4 79. d7
Kxc4 80. d8=Q Kb4 81. Qd2+ Kxa4 82. Qa2+ Kb4 83. Qxa7 c4 84. Qxb6 c3 85. Qd4+
Kb3 86. b6 c2 87. Qd3+ Kb2 88. Qxc2+ Kxc2 89. b7 1-0

[Event "4. Lovsprings EMT Mesterklassen"]
[Site "Ringsted"]
[Date "1992.05.31"]
[Round "7"]
[White "Larsen, Bjorn"]
[Black "Christensen, Lars (1957)"]
[Result "0-1"]
[WhiteElo "2011"]
[BlackElo "2093"]
[PlyCount "60"]
[EventDate "1992.??.??"]

1. d4 Nf6 2. Bg5 Ne4 3. Bh4 g5 4. f3 d5 5. fxe4 gxh4 6. exd5 Qxd5 7. Nc3 Qa5 8.
Qd2 h5 9. O-O-O Bh6 10. e3 Bg4 11. Nf3 h3 12. Re1 Nc6 13. Bb5 f6 14. Qf2 O-O-O
15. Kb1 hxg2 16. Qxg2 Nb4 17. Bc4 Rd6 18. h3 Bd7 19. Rhg1 Qf5 20. e4 Qxh3 21.
Qf2 Be8 22. Rg3 Qd7 23. Reg1 e6 24. d5 exd5 25. Qxa7 Nc6 26. Qa8+ Nb8 27. exd5
Be3 28. Rg7 Qf5 29. Nb5 Bxb5 30. Bxb5 Qxd5 0-1